High density data centers : (Record no. 599518)

000 -LEADER
fixed length control field 00452nam a2200121Ia 4500
008 - FIXED-LENGTH DATA ELEMENTS--GENERAL INFORMATION
fixed length control field 230907s9999||||xx |||||||||||||| ||und||
082 ## - DEWEY DECIMAL CLASSIFICATION NUMBER
Classification number 725.23
Author Mark ASH
245 #0 - TITLE STATEMENT
Title High density data centers :
260 ## - PUBLICATION, DISTRIBUTION, ETC.
Place of publication, distribution, etc. American Society of Heating, Refrigerating and Air-conditioning Engineers,
Name of publisher, distributor, etc. Atlanta, GA :
Date of publication, distribution, etc. 2008
300 ## - PHYSICAL DESCRIPTION
Extent viii, 191 p. :
650 ## - SUBJECT ADDED ENTRY--TOPICAL TERM
Topical term or geographic name entry element Case studies. Case studies. Case studies. Case studies. Case studies. Case studies.
9 (RLIN) 115772
942 ## - ADDED ENTRY ELEMENTS (KOHA)
Koha item type Book
Holdings
Withdrawn status Lost status Damaged status Not for loan Permanent Location Current Location Date acquired Total Checkouts Full call number Barcode Date last seen Price effective from Koha item type
        US-Pakistan Center for Advanced Studies in Energy (USPCAS-E) US-Pakistan Center for Advanced Studies in Energy (USPCAS-E) 10/04/2019   725.23 ASH CAS-E0003617 09/12/2023 09/12/2023 Book
© 2023 Central Library, National University of Sciences and Technology. All Rights Reserved.